Música y músicos contemporáneos
Saved in:
| Hovedforfatter: | |
|---|---|
| Format: | Bog |
| Sprog: | spansk |
| Udgivet: |
Buenos Aires
Losada
1945
|
| Fag: | |
| Tags: |
Tilføj Tag
Ingen Tags, Vær først til at tagge denne postø!
|
MARC
| LEADER | 00000nam a2200000 a 4500 | ||
|---|---|---|---|
| 001 | UCN2423 | ||
| 003 | CL-VaPUC | ||
| 005 | 20230804111628.0 | ||
| 008 | 010518e19450000AG |||||||||||||||||spa|d | ||
| 999 | |c 295525 |d 295523 | ||
| 040 | |c Pontificia Universidad Católica de Valparaíso | ||
| 082 | 0 | 4 | |a 780.904 COP 1945 |2 21 |
| 100 | 0 | |a Copland, Aaron |e author |9 458279 | |
| 245 | 1 | 0 | |a Música y músicos contemporáneos |
| 260 | |a Buenos Aires |b Losada |c 1945 | ||
| 300 | |a 269 p | ||
| 583 | |a last modification |c 20010518 00:00:00 |k Rodrigo Vera | ||
| 650 | 0 | |a Música historia y crítica |9 269146 | |
| 650 | 0 | |a Música, siglo 20 |9 324961 | |
| 650 | 0 | |a Compositores europeos |2 CL-VaPUC |9 458280 | |
| 650 | 0 | |a Compositores estadounidenses |2 CL-VaPUC |9 417720 | |
| 650 | 0 | |a Radiodifusión |9 308795 | |
| 650 | 0 | |a Música de películas |2 CL-VaPUC |9 472100 | |
| 942 | |c BK |2 ddc | ||
| 945 | |d 20010518 00:00:00 |a crobeson | ||
| 952 | |0 0 |1 0 |2 ddc |4 0 |6 780_904000000000000_COP_1945 |7 0 |8 A |9 348758 |a BIBEDU |b BIBEDU |d 2019-11-20 |i 1183478 |o 780.904 COP 1945 |p 1183478 |r 2023-01-12 |w 2019-11-20 |y BK |k MUS | ||